Loading...
| Painting & Sculpture | 0 | 6 | 2 | 0 | 50 | 38 | 97.00 | 1 | 2 | 0.00 | 0.00 |
| Fine Arts - Classical Music | 0 | 6 | 3 | 0 | 45 | 82 | 100.67 | 0 | 5 | 0.00 | 0.00 |
| Any History | 0 | 3 | 0 | 1 | 30 | 119 | 130.33 | 0 | 0 | 0.00 | 0.00 |
| Mythology | 0 | 1 | 0 | 0 | 10 | 124 | 124.00 | 0 | 0 | 0.00 | 0.00 |
| History - World | 0 | 1 | 0 | 0 | 10 | 112 | 112.00 | 0 | 0 | 0.00 | 0.00 |
| Literature - European | 0 | 1 | 0 | 0 | 10 | 115 | 115.00 | 0 | 0 | 0.00 | 0.00 |
| Science - Biology | 0 | 1 | 0 | 1 | 10 | 133 | 133.00 | 0 | 0 | 0.00 | 0.00 |
| Science - Other | 0 | 1 | 0 | 0 | 10 | 102 | 102.00 | 0 | 0 | 0.00 | 0.00 |
| Social Science | 0 | 1 | 1 | 0 | 5 | 129 | 129.00 | 0 | 0 | 0.00 | 0.00 |
| Fine Arts - Other | 0 | 2 | 5 | 0 | -5 | 119 | 121.00 | 0 | 0 | 0.00 | 0.00 |